Catalog

Record Details

Catalog Search



The Darling Dahlias and the voodoo lily  Cover Image Book Book

The Darling Dahlias and the voodoo lily / Susan Wittig Albert.

Summary:

"Spring, 1935 finds the little Alabama town of Darling excited about their new local radio station, WDAR. But there are problems brewing at the newspaper, where a trio of new hires causes headaches for editor Charlie Dickens. That's not the worst of it, though, as the Dahlias discover when the newest resident at Bessie Bloodworth's Magnolia Manor is found dead. She had overindulged in a large and very rich chocolate cake--but was something else baked into that cake? If so, one of the Dahlias is likely to find herself at the top of Sheriff Buddy Norris' suspect list. That would give Darling something to gossip about! And there's plenty more to keep the tongues wagging. Will the ladies at the new bakery ever learn to bake bread? What's happening in Liz Lacy's love life? Will her new book be a success? And can Voodoo Lil's special brand of magic keep Violet Sims from taking Cupcake off to Hollywood to become a Shirley Temple look-alike? But amid all these mysteries, one thing's for certain: The Darling Dahlias just keep growing"-- Provided by publisher.

Record details

  • ISBN: 9781952558115
  • ISBN: 1952558115
  • Physical Description: xii, 268 pages ; 22 cm
  • Edition: First edition.
  • Publisher: Bertram, TX : Persevero Press, [2021]

Content descriptions

General Note:
Includes a recipe.
Sequel to: The Darling Dahlias and the poinsettia puzzle.
Subject: Women gardeners > Fiction.
Gardening > Societies, etc. > Fiction.
Murder > Investigation > Alabama > Fiction.
Nineteen thirties > Fiction.
Alabama > Fiction.
Genre: Detective and mystery fiction.
Historical fiction.
Novels.
Cozy mysteries.

LDR 03131cam a2200541Ii 4500
001155593
003SBPL
00520210428213427.0
008210406r20212020txu 000 f eng d
019 . ‡a1225622319 ‡a1225623875 ‡a1243632752
020 . ‡a9781952558115 ‡q(hardcover)
020 . ‡a1952558115 ‡q(hardcover)
035 . ‡a(OCoLC)1245231621 ‡z(OCoLC)1225622319 ‡z(OCoLC)1225623875 ‡z(OCoLC)1243632752
043 . ‡an-us-al
05014. ‡aPS3551.L2637 ‡bD397 2021
08204. ‡a813/.54 ‡223
1001 . ‡aAlbert, Susan Wittig, ‡eauthor.
24514. ‡aThe Darling Dahlias and the voodoo lily / ‡cSusan Wittig Albert.
24630. ‡aVoodoo lily
250 . ‡aFirst edition.
264 1. ‡aBertram, TX : ‡bPersevero Press, ‡c[2021]
264 4. ‡c©2020
300 . ‡axii, 268 pages ; ‡c22 cm
336 . ‡atext ‡btxt ‡2rdacontent
337 . ‡aunmediated ‡bn ‡2rdamedia
338 . ‡avolume ‡bnc ‡2rdacarrier
380 . ‡aBook ‡2tlcgt
385 . ‡aGeneral ‡2tlctarget
4901 . ‡aThe Darling Dahlias mysteries ; ‡v[9]
500 . ‡aIncludes a recipe.
500 . ‡aSequel to: The Darling Dahlias and the poinsettia puzzle.
520 . ‡a"Spring, 1935 finds the little Alabama town of Darling excited about their new local radio station, WDAR. But there are problems brewing at the newspaper, where a trio of new hires causes headaches for editor Charlie Dickens. That's not the worst of it, though, as the Dahlias discover when the newest resident at Bessie Bloodworth's Magnolia Manor is found dead. She had overindulged in a large and very rich chocolate cake--but was something else baked into that cake? If so, one of the Dahlias is likely to find herself at the top of Sheriff Buddy Norris' suspect list. That would give Darling something to gossip about! And there's plenty more to keep the tongues wagging. Will the ladies at the new bakery ever learn to bake bread? What's happening in Liz Lacy's love life? Will her new book be a success? And can Voodoo Lil's special brand of magic keep Violet Sims from taking Cupcake off to Hollywood to become a Shirley Temple look-alike? But amid all these mysteries, one thing's for certain: The Darling Dahlias just keep growing"-- ‡cProvided by publisher.
650 0. ‡aWomen gardeners ‡vFiction.
650 0. ‡aGardening ‡xSocieties, etc. ‡vFiction.
650 0. ‡aMurder ‡xInvestigation ‡zAlabama ‡vFiction.
650 0. ‡aNineteen thirties ‡vFiction.
651 0. ‡aAlabama ‡vFiction.
655 7. ‡aDetective and mystery fiction. ‡2lcgft
655 7. ‡aHistorical fiction. ‡2lcgft
655 7. ‡aNovels. ‡2lcgft
655 7. ‡aCozy mysteries. ‡2lcgft
77508. ‡iReproduction of (manifestation): ‡aAlbert, Susan Wittig. ‡tDarling Dahlias and the voodoo lily. ‡dBertram, TX : Persevero Press, 2020 ‡z9781952558122
8001 . ‡aAlbert, Susan Wittig. ‡tDarling Dahlias mysteries ; ‡v9.
938 . ‡aBrodart ‡bBROD ‡n128253630
938 . ‡aYBP Library Services ‡bYANK ‡n17144705
994 . ‡aZ0 ‡bMWL
948 . ‡hNO HOLDINGS IN MWL - 290 OTHER HOLDINGS
901 . ‡a155593 ‡b ‡c155593 ‡tbiblio

Additional Resources